000 00497nam a22001937a 4500
003 OSt
005 20140310182841.0
008 130608t xxu||||| |||| 00| 0 eng d
050 _aPZ 1
_b.R217 1965
082 _aM 800.8
_bR18 1965
245 _aA book of stories /
_cRafael, Brother H.
260 _aNew York :
_bMacmillan,
_c1965.
300 _aviii, 325 p. ;
_c21 cm.
521 _acollege students
526 _c1210L-1700L
541 _j1
562 _e1
942 _2lcc
_cBK
_kM
999 _c16852
_d16852